00473nam a2200133Ia 4500008004100000020001800041041000800059082001700067100001300084245004300097260005700140999001900197952012300216230717s9999 xx 000 0 und d a81-7534-489-X aeng a346.015bDAS aDas, P K aUniversals New Law On Hindu Succession aDelhibUniversity Law Publishing Co. Pvt. Ltd.c2005 c672143d672143 001040708LLBaNLPbNLPcNLP-81d2006-03-31g250.00l0o346.015 DASpNLP-N09548r2023-07-17 00:00:00w2023-07-17yBK